Élimination par catégorie - football - Statistiques

Statistiques générales
  • Ce quiz a été pris 44 574 fois
    19 255 depuis la dernière actualisation
  • Le résultat moyen est 7 sur 10
Statistiques - réponses
# Catégorie % Correct
22 Joueurs du club de football de Barcelone
99%
14 ...qui a joué contre le Real Madrid (Supercoupe d'Espagne) (15 Jan. 2024)
95%
10 ...qui ne joue pas comme attaquant
92%
27 Joueurs de Liverpool FC
85%
5 ...avec un numéro de maillot compris entre 1 et 18
83%
18 ...qui n'est pas du Royaume-Uni
83%
9 ...avec un numéro de maillot étant un nombre pair
66%
1 ...et n'est pas européen Araujo
57%
4 ...qui a joué en Bundesliga
32%
1 ...et est né après 2001 Gravenberch
13%
Aucun quiz correspondant
Distribution des résultats
% des personnes avec chaque résultat
Percentile par nombre de réponses
Votre historique - résultats
Vous n’avez pas pris ce quiz depuis la dernière actualisation